00301nam a2200121Ia 4500008004100000041000800041082001400049100001500063245002200078260004400100300002400144365001100168240624s9999 xx 000 0 und d aeng a658.4 JOH aJOHRI AMIT aBUSINESS ANALYSIS c2010aMumbaibHimalaya Publishing House a438 : p. : cm. ; 24 cRSb30